000 01826nam a2200325 a 4500
999 _c387303
_d387303
003 BLK
005 20241208004036.0
008 200909b bu ||||| |||| 00| 0 bu d
020 _a9786190011309
040 _aBLK
041 _aBUL
_cBUL
080 _aМузикални изпълнители (инструменталисти, певци), интерпретатори, диригенти
_b78.071.2
_z78.071.2(497.2)(092)
080 _aБългарска народна певица
_b929 Цекова, Гергана
_z929 Цекова, Гергана
100 _aЦенкуловски, Никола Трифонов
_eпърви автор
_91299
139 _aЦенкуловски, Никола Трифонов
_bЦ 48
245 _aСлавеят на Северозапада
_bДуми за народната певица Гергана Цекова
_cНикола Трифонов Ценкуловски ; Послесл. Петко Найденов Дилков.
257 _aBGR
260 _9209950
_a[В. Търново]
_bФабер
_c2020
_n978-619-00- ; 978-954-400- ; 978-954-775- ; 954-9541-
300 _a68 с.
_bс ил., портр. ноти
_c20 см
380 _a7
501 _aАнкета с Ценка Иванова Беновска: с. 12-14. - Биогр. данни за авт., отбелязани на гърба на кор.
600 0 _9433453
_aЦекова, Гергана
650 0 _aНародна музика, българска
_9245423
650 0 _9244711
_aНародни певци, български
651 7 _9179375
_aПлевенско
700 _9958
_aДилков, Петко Найденов
_eпослесл.
700 _9433455
_aБеновска, Ценка Иванова
_e*
942 _cKNG
_n0
_s1
944 _aCR
_c2020-09-09
_k
_lCRON CRON